00453nmm a2200157Ia 4500008004100000020001800041041000800059100001800067245005300085264004100138300001800179650002300197856005100220942000700271999001700278251105s9999||||xx |||||||||||||||||und|| a9788435061827 aspa aBalder, Artur 0aLa lanza del destino. Crónicas de Widukind III a[Madrid, España] :bEdhasa, c2015 a704 páginas aHistorical fiction uhttps://public.digitaliapublishing.com/a/40265 cCF c82199d82199